000 00930nam a22003011 4500
001 9126
003 FISKH
005 20251124104405.0
008 850820s1966 nyua j 000 1 eng
010 _a 66015084
035 _a1225076
040 _aDLC
_cDLC
_dDLC
_beng
050 _aPZ4.K2512
082 _a823.9
100 1 _aKeeping, Charles.
245 1 0 _aShaun and the cart-horse /
_cCharles Keeping
250 _aThis edition published in 1979
260 _aNew York,
_bF. Watts
_c1966
300 _a32 unnumbered pages :
_bcolor illustrations ;
_c21 x 27 cm
505 _aJ
520 _aWhen the man next door is forced to sell his cart horse Shaun sets out to find it and to raise the money to buy it back.
521 8 _a430
_bLexile estimate
521 8 _aJ
_bRaz-Plus
650 1 _aPicture books.
906 _a7
_bcbc
_corignew
_du
_eocip
_f19
_gy-gencatlg
942 _2ddc
_cBK
_n0
999 _c9126
_d9126